| 000 | 00642nam a2200217Ia 4500 | ||
|---|---|---|---|
| 003 | OSt | ||
| 005 | 20250926153239.0 | ||
| 008 | 210210b2002 xxu||||| |||| 00| 0 eng d | ||
| 020 | _a81 87321 82 2 | ||
| 040 | _cAL | ||
| 041 | _aKannada | ||
| 082 | _aK894.301 VYAS | ||
| 100 |
_aVyasa (M). _dವ್ಯಾಸ (ಎಂ) _9240670 |
||
| 245 |
_aSnana: mooru kiru kadambarigalu _bಸ್ನಾನ: ಮೂರು ಕಿರು ಕಾದಂಬರಿಗಳು |
||
| 260 |
_aBengaluru _bAnkita Pustaka _c2002 |
||
| 300 | _a150 | ||
| 650 |
_aRatha kshetra snana _9240671 |
||
| 690 |
_aKannada Fiction _9240672 |
||
| 906 | _a058328 | ||
| 942 |
_2ddc _cBK |
||
| 999 |
_c105897 _d105897 |
||